Rochester and other literary rakes of the court of Charles II (Record no. 114802)

MARC details
000 -LEADER
campo de control de longitud fija 00620nam a2200157 i 4500
001 - NÚMERO DE CONTROL
campo de control 114802
003 - IDENTIFICADOR DE NÚMERO DE CONTROL
campo de control ES-MaACL
007 - CAMPO FIJO DE DESCRIPCIÓN FÍSICA--INFORMACIÓN GENERAL
campo de control de longitud fija t|
008 - DATOS DE LONGITUD FIJA--INFORMACIÓN GENERAL
campo de control de longitud fija 070328s1903 xxu ||||1| eng d
100 1# - ENTRADA PRINCIPAL--NOMBRE DE PERSONA
Nombre de persona Longueville, Thomas.
9 (RLIN) 73258
245 10 - MENCIÓN DEL TÍTULO
Título Rochester and other literary rakes of the court of Charles II
Resto del título : with some account of their surroundings /
Mención de responsabilidad, etc. by the author of "The life of Sir Kenelm Digby," The life of a prig," etc. ...
260 ## - PUBLICACIÓN, DISTRIBUCIÓN, ETC.
Lugar de publicación, distribución, etc. New York :
Nombre del editor, distribuidor, etc. [s.n.],
Fecha de publicación, distribución, etc. 1903 (
Fabricante The Aberdeen University Press)
300 ## - DESCRIPCIÓN FÍSICA
Extensión XII, 330 p. ;
Dimensiones 23 cm.
600 14 - PUNTO DE ACCESO ADICIONAL DE MATERIA--NOMBRE DE PERSONA
Nombre de persona Rochester, John Wilmot
Títulos y otros términos asociados al nombre Earl of.
9 (RLIN) 98074
852 ## - LOCALIZACIÓN
Ubicación ES-MaACL
Número de control de estantería C-826
Holdings
Estatus retirado Estado de pérdida Estado de daño No para préstamo Biblioteca de origen Biblioteca actual Ubicación en estantería Fecha de adquisición Fuente de adquisición Total de préstamos Signatura topográfica completa Código de barras Visto por última vez Precio de reemplazo Tipo de ítem Koha
        Biblioteca del Ateneo de Madrid Biblioteca del Ateneo de Madrid Sala Palomar 17/01/2008     C-826 1119716 23/02/2023 23/02/2023 Libro impreso